Подробности
| 000 -МАРКЕР |
| контрольное поле |
01689nam2a22002891 4500 |
| 001 - ИДЕНТИФИКАТОР ЗАПИСИ |
| контрольное поле |
rc\3460343 |
| 005 - ИДЕНТИФИКАТОР ВЕРСИИ |
| контрольное поле |
20260409070242.0 |
| 021 ## - НОМЕР ГОСУДАРСТВЕННОЙ РЕГИСТРАЦИИ |
| Код страны |
российская федерация |
| Номер |
Рг4736-71 |
| 035 ## - ДРУГИЕ СИСТЕМНЫЕ НОМЕРА |
| Идентификатор записи |
(NLR Aleph) 007885913 |
| 100 ## - ДАННЫЕ ОБЩЕЙ ОБРАБОТКИ |
| Данные общей обработки |
20130115d1970 |||y0rusy50 ca |
| 101 0# - ЯЗЫК РЕСУРСА |
| Язык текста, звукозаписи и т.д. |
русский |
| 102 ## - СТРАНА ПУБЛИКАЦИИ ИЛИ ПРОИЗВОДСТВА |
| Страна публикации |
российская федерация |
| 105 ## - ПОЛЕ КОДИРОВАННЫХ ДАННЫХ: ТЕКСТОВЫЕ МАТЕРИАЛЫ, МОНОГРАФИЧЕСКИЕ |
| Кодированные данные о монографическом текстовом документе |
y z ||||| |
| 200 0# - ЗАГЛАВИЕ И СВЕДЕНИЯ ОБ ОТВЕТСТВЕННОСТИ |
| Основное заглавие |
Вып. 6 |
| Первые сведения об ответственности |
Ульян. гвардейское высш. танковое командное дважды Краснознам. ордена Красной Звезды училище им. В.И. Ленина |
| 210 ## - ПУБЛИКАЦИЯ, РАСПРОСТРАНЕНИЕ И ДР. |
| Дата издания, распространения и т.д. |
1970 |
| Место издания, распространения и т.д. |
Б. м. |
| 215 ## - ФИЗИЧЕСКАЯ ХАРАКТЕРИСТИКА |
| Специфическое обозначение материала и объем |
38 с. |
| 225 1# - СЕРИЯ |
| Основное заглавие серии |
К 25-летию победы над фашистской Германией |
| 461 #0 - УРОВЕНЬ НАБОРА |
| Встроенное поле |
001rc\3460341 |
| -- |
2001#$aОни побеждали под знаменем Ленина$e(Рассказы о Героях Советского Союза - воспитанниках училища)$eВып. 5-$fУльян. гвардейское высш. танковое училище им. В.И. Ленина$vВып. 6 |
| Системный номер (АБИС) связанной записи |
7947262 |
| Место публикации |
Ульяновск |
| Дата публикации |
1969 |
| Первые сведения об ответственности |
Ульян. гвардейское высш. танковое училище им. В.И. Ленина |
| Имя издателя, распространителя и т.д. |
Б. и. |
| Сведения, относящиеся к заглавию |
(Рассказы о Героях Советского Союза - воспитанниках училища) : Вып. 5- |
| Заглавие |
Они побеждали под знаменем Ленина |
| Номер тома |
Вып. 6 |
| 606 ## - НАИМЕНОВАНИЕ ТЕМЫ КАК ПРЕДМЕТ |
| Наименование темы |
Великая Отечественная война |
| Хронологический подзаголовок |
1941 - 1945 |
| Тематический подзаголовок |
Годовщины |
| Идентификатор авторитетной/нормативной записи |
RU\NLR\AUTH\66187542 |
| Системный номер авторитетной/нормативной записи |
1237240 |
| 686 1# - ИНДЕКСЫ ДРУГИХ КЛАССИФИКАЦИЙ |
| Индекс |
Т3(2)722,021.2 |
| 801 #0 - ИСТОЧНИК ЗАПИСИ |
| Страна |
российская федерация |
| Организация |
NLR |
| Правила каталогизации |
psbo |
| 801 #1 - ИСТОЧНИК ЗАПИСИ |
| Страна |
российская федерация |
| Организация |
ELAR |
| Источник данных |
rusmarc |
| 852 ## - МЕСТОНАХОЖДЕНИЕ И ШИФР ХРАНЕНИЯ |
| Идентификатор организации |
NLR |
| Шифр хранения (Call Number) |
70-4/29823 |
| 942 ## - ДОПОЛНИТЕЛЬНЫЕ ЭЛЕМЕНТЫ ЗАПИСИ (АБИС) |
| Тип экземпляра АБИС |
Книга |
| 980 ## - КОЛЛЕКЦИЯ |
| Название коллекции |
Национальная библиография |